000
00304nam a2200133Ia 4500
008
150301s2015 xx 000 0 und d
082
_a
617.6
_b
H07P
100
_a
S.R. PRABHI
245
_a
HIV AIDS IN DENTAL PRACTICE
260
_b
DCI-INDIA
300
_a
298
650
_a
OTHER BOOKS
942
_2
ddc
_c
BK
999
_c
7194
_d
7194